000 00766cam a2200265 a 4500
001 3735121
003 OSt
005 20180116183023.0
008 820301s1982 nyub 000 1 eng
010 _a 81070920
020 _a0553050222
040 _aDLC
_cDLC
_dDLC
050 0 0 _aPS3554.E4327
_bA613 1982
082 0 0 _a813.54 VEC 1975
_219
100 1 _aDel Vecchio, John M.,
_d1948-
245 1 4 _aThe 13th valley :
_ba novel
_cby John M. Del Vecchio.
250 _a1st ed.
260 _aNew York :
_bBantam Books,
_c1982.
300 _a606 p. :
_bmaps ;
_c24 cm.
650 0 _aVietnam War, 1961-1975
_vFiction.
655 7 _aWar stories.
_2gsafd
740 0 _aThirteenth valley.
906 _a7
_bcbc
_corignew
_d1
_eopcn
_f19
_gy-gencatlg
942 _2ddc
_cBK
999 _c350663
_d350663